[Event "26th WSCC 2016 Open 65+"]
[Site "Marianske Lazne, Czech Republic - Hotel Cristal and Continental"]
[Date "2016.11.19"]
[Round "1.54"]
[White "Sprotte, Norbert"]
[Black "Prammer, Franz"]
[Result "1/2-1/2"]
[WhiteElo "2196"]
[BlackElo "1864"]
[PlyCount "25"]
[EventDate "2016.11.19"]

1. d4 d6 2. Nc3 Nf6 3. e4 e5 4. d5 Be7 5. Nf3 c6 6. Bg5 Nbd7 7. Qd2 cxd5 8.
Bxf6 Nxf6 9. Bb5+ Bd7 10. Bxd7+ Qxd7 11. exd5 O-O 12. O-O Nh5 13. Ne2 1/2-1/2

[Event "26th WSCC 2016 Open 65+"]
[Site "Marianske Lazne, Czech Republic - Hotel Cristal and Continental"]
[Date "2016.11.19"]
[Round "1.55"]
[White "Goetze, Peter"]
[Black "Sejkora, Vlastimil"]
[Result "0-1"]
[WhiteElo "1862"]
[BlackElo "2195"]
[PlyCount "122"]
[EventDate "2016.11.19"]

1. Nc3 d5 2. e4 d4 3. Nce2 e5 4. Ng3 Be6 5. Nf3 Nd7 6. Be2 Be7 7. d3 g6 8. b3
h5 9. h3 c6 10. a4 h4 11. Nf1 Ngf6 12. Ng5 Nf8 13. Nxe6 Nxe6 14. Nh2 Qa5+ 15.
Bd2 Bb4 16. Bxb4 Qxb4+ 17. Qd2 Qd6 18. Ng4 Nf4 19. O-O Nxg4 20. Bxg4 Qe7 21.
Kh2 a5 22. Rh1 Qg5 23. Rae1 Nxh3 24. Qxg5 Nxg5 25. f4 exf4 26. Rhf1 Ke7 27.
Rxf4 f6 28. Bh3 c5 29. Bg4 Nf7 30. Ref1 Ne5 31. Kh3 Raf8 32. Bd1 g5 33. Rf5 b6
34. Bg4 Rh6 35. Bd1 Ng6 36. Bg4 Ne5 37. Bd1 Rd8 38. Bg4 Rd6 39. Bd1 Rh8 40. Bg4
Rg8 41. R5f2 Rb8 42. Rf5 b5 43. axb5 Rxb5 44. Ra1 Ra6 45. Raf1 a4 46. bxa4 Rb4
47. R5f2 Rbxa4 48. Rb1 Rb4 49. Rff1 Ra2 50. Rxb4 cxb4 51. Rb1 Rxc2 52. Rxb4
Nxd3 53. Rb7+ Kd6 54. Bf5 Nf4+ 55. Kg4 Rxg2+ 56. Kf3 Rg3+ 57. Kf2 d3 58. Rd7+
Kc5 59. Ke1 Rg2 60. e5 fxe5 61. Bxd3 h3 0-1

[Event "26th WSCC 2016 Open 65+"]
[Site "Marianske Lazne, Czech Republic - Hotel Cristal and Continental"]
[Date "2016.11.19"]
[Round "1.56"]
[White "Titz, Heimo"]
[Black "Patola, Eero"]
[Result "1-0"]
[WhiteElo "2189"]
[BlackElo "1862"]
[PlyCount "103"]
[EventDate "2016.11.19"]

1. c4 c5 2. Nf3 Nf6 3. Nc3 Nc6 4. g3 g6 5. Bg2 Bg7 6. d4 cxd4 7. Nxd4 a6 8. O-O
O-O 9. b3 Qa5 10. Bb2 Ne8 11. Nd5 Qd8 12. Qd2 e5 13. Nc2 d6 14. Rad1 Rb8 15.
Ba3 Bf5 16. Nde3 Bh6 17. Bxc6 bxc6 18. Bxd6 Nxd6 19. Qxd6 Bh3 20. Qxd8 Rfxd8
21. Rxd8+ Rxd8 22. Rd1 Rxd1+ 23. Nxd1 Bd2 24. f3 Bf5 25. e4 Be6 26. Kf2 a5 27.
Ke2 Bg5 28. Nc3 Be7 29. Na4 h5 30. Ne1 f6 31. Nd3 Kf7 32. Ke3 g5 33. Kf2 Bd6
34. Kg2 f5 35. exf5 Bxf5 36. Nf2 Bb1 37. Ne4 Be7 38. Nac3 Bc2 39. Kf2 Ke6 40.
g4 hxg4 41. fxg4 Bd3 42. Kf3 Bf1 43. Na4 Kf7 44. Nac5 Kg6 45. Nd7 a4 46. Nxe5+
Kg7 47. Nxc6 axb3 48. axb3 Bf6 49. Nxf6 Kxf6 50. Nd4 Ke5 51. Ne2 Kd6 52. Ng3
1-0

[Event "26th WSCC 2016 Open 65+"]
[Site "Marianske Lazne, Czech Republic - Hotel Cristal and Continental"]
[Date "2016.11.19"]
[Round "1.57"]
[White "Flockerzi, Armin"]
[Black "Kierzek, Matthias"]
[Result "0-1"]
[WhiteElo "1860"]
[BlackElo "2189"]
[PlyCount "86"]
[EventDate "2016.11.19"]

1. Nf3 d5 2. d4 c5 3. c3 Nf6 4. g3 e6 5. Bg2 Nc6 6. O-O Be7 7. b3 O-O 8. Ba3 b6
9. Nbd2 Bb7 10. Re1 cxd4 11. Bxe7 Qxe7 12. cxd4 Rac8 13. e3 Nb4 14. Rc1 Rxc1
15. Qxc1 Nd3 16. Qb1 Nxe1 17. Nxe1 Rc8 18. Bf1 Qb4 19. Nef3 Ne4 20. Nxe4 dxe4
21. Ne5 b5 22. Nd7 Bd5 23. Nc5 e5 24. Qb2 exd4 25. exd4 Qe1 26. Qe2 Qxe2 27.
Bxe2 Bc6 28. b4 Rd8 29. Nb3 Bd5 30. Bxb5 Bxb3 31. axb3 Rxd4 32. Bc4 Kf8 33. Kf1
Rd2 34. Ke1 Rb2 35. h4 f5 36. b5 Ke7 37. Kf1 Kf6 38. Ke1 Ke5 39. h5 f4 40.
gxf4+ Kxf4 41. Bd5 Kf3 42. Bb7 Rxb3 43. Bc6 Rb2 0-1

[Event "26th WSCC 2016 Open 65+"]
[Site "Marianske Lazne, Czech Republic - Hotel Cristal and Continental"]
[Date "2016.11.19"]
[Round "1.58"]
[White "Kolbak, Jens"]
[Black "Dubinsky, Alexander"]
[Result "1-0"]
[WhiteElo "2189"]
[BlackElo "1858"]
[PlyCount "94"]
[EventDate "2016.11.19"]

1. e4 e5 2. Nf3 Nc6 3. Bb5 Bc5 4. O-O Nd4 5. Nxd4 Bxd4 6. c3 Bb6 7. d4 c6 8.
Ba4 d6 9. Na3 Bc7 10. Qe2 b5 11. Bb3 Nf6 12. Bg5 Qe7 13. d5 a6 14. dxc6 h6 15.
Bxf6 Qxf6 16. Nc2 Qg6 17. Nb4 Bg4 18. Qd3 Be6 19. Rfe1 O-O 20. Re3 a5 21. Rg3
Qf6 22. Rf3 Qe7 23. Nc2 Rfb8 24. Bd5 Bxd5 25. Qxd5 Qe6 26. Ne3 Rb6 27. Rd1 Rab8
28. h3 Re8 29. Rg3 g6 30. Nf5 Qxd5 31. Rxd5 Re6 32. Nxh6+ Kf8 33. Rf3 f6 34.
Rg3 Kg7 35. Nf5+ Kf7 36. Nh4 g5 37. Nf5 Rxc6 38. Rxb5 Rc4 39. Rb7 Kg6 40. Ne3
Rc6 41. h4 Re8 42. Nd5 Bd8 43. hxg5 fxg5 44. Rh3 Rg8 45. g4 Rg7 46. Rb8 Bf6 47.
Rf3 Rf7 1-0

[Event "26th WSCC 2016 Open 65+"]
[Site "Marianske Lazne, Czech Republic - Hotel Cristal and Continental"]
[Date "2016.11.19"]
[Round "1.59"]
[White "Bobbia, Mario"]
[Black "Friedman, Josef"]
[Result "1/2-1/2"]
[WhiteElo "1850"]
[BlackElo "2187"]
[PlyCount "91"]
[EventDate "2016.11.19"]

1. e4 c5 2. Nf3 Nc6 3. d4 cxd4 4. Nxd4 e6 5. Nb5 d6 6. c4 a6 7. N5c3 Nf6 8. Be3
Be7 9. Be2 O-O 10. O-O b6 11. Nd2 Bb7 12. Rc1 Ne5 13. f4 Ned7 14. Bf3 Rb8 15.
Qe2 b5 16. cxb5 axb5 17. Qxb5 Bxe4 18. Qe2 Bb7 19. Bxb7 Rxb7 20. Nf3 Qa8 21.
Bd4 Rfb8 22. b3 Qa5 23. Qd2 Qh5 24. Rfe1 Bf8 25. h3 Rc7 26. Ne4 Rxc1 27. Nxf6+
Nxf6 28. Rxc1 Nd5 29. Bf2 Qf5 30. Rc4 h5 31. Nh4 Qb1+ 32. Rc1 Qe4 33. Rc4 Qb1+
34. Rc1 Qh7 35. Nf3 Be7 36. Nd4 Bf6 37. Nc6 Re8 38. Bd4 Qf5 39. Bxf6 gxf6 40.
Rc4 Kh8 41. Nb4 Nxb4 42. Rxb4 Qc5+ 43. Qd4 Rc8 44. Qxc5 Rxc5 45. Rc4 Rb5 46.
Kf2 1/2-1/2

[Event "26th WSCC 2016 Open 65+"]
[Site "Marianske Lazne, Czech Republic - Hotel Cristal and Continental"]
[Date "2016.11.19"]
[Round "1.60"]
[White "Malmdin, Nils-Ake"]
[Black "Vagner, Grigorij"]
[Result "1-0"]
[WhiteElo "2182"]
[BlackElo "1849"]
[PlyCount "89"]
[EventDate "2016.11.19"]

1. e4 e6 2. d4 d5 3. e5 c5 4. c3 Nc6 5. Nf3 Qb6 6. a3 Bd7 7. b4 cxd4 8. cxd4
Nge7 9. Bb2 Ng6 10. g3 Rc8 11. Nbd2 Be7 12. h4 O-O 13. h5 Nh8 14. Bd3 f5 15.
exf6 Rxf6 16. b5 Na5 17. Qb1 h6 18. Bh7+ Kf8 19. a4 Bd6 20. Ba3 Nf7 21. O-O
Bxa3 22. Rxa3 Qd6 23. Re3 Nc4 24. Nxc4 dxc4 25. Ne5 Be8 26. Ng6+ Rxg6 27. Bxg6
Qxd4 28. Qb4+ Qd6 29. Qxd6+ Nxd6 30. Rxe6 Bxg6 31. hxg6 Ne8 32. Re4 Nf6 33. Rd4
c3 34. Rc1 b6 35. Kf1 Ke7 36. Re1+ Kf8 37. Rc1 Ke7 38. Ke2 Ke6 39. Kd3 Nd5 40.
Re1+ Kd6 41. Rc4 Rf8 42. f4 Rf5 43. Ke4 Rh5 44. Rd1 Ke6 45. Rc6+ 1-0

[Event "26th WSCC 2016 Open 65+"]
[Site "Marianske Lazne, Czech Republic - Hotel Cristal and Continental"]
[Date "2016.11.19"]
[Round "1.61"]
[White "Pihlajamaki, Antti"]
[Black "Raikin, Leonid"]
[Result "1/2-1/2"]
[WhiteElo "1848"]
[BlackElo "2180"]
[PlyCount "118"]
[EventDate "2016.11.19"]

1. e4 c6 2. d4 d5 3. Nc3 dxe4 4. Nxe4 Bf5 5. Qf3 e6 6. Be3 Qa5+ 7. c3 Nd7 8.
Bd3 Bxe4 9. Qxe4 Qd5 10. Ne2 Ngf6 11. Qxd5 cxd5 12. f3 Be7 13. O-O O-O 14. a4
Rfc8 15. b3 a6 16. a5 Ne8 17. c4 dxc4 18. bxc4 b6 19. axb6 Nxb6 20. c5 Nd5 21.
Bd2 Nec7 22. Rfb1 e5 23. Be4 Rab8 24. Rxb8 Rxb8 25. Bxd5 Nxd5 26. Nc3 Nc7 27.
Be3 exd4 28. Bxd4 Ne6 29. Nd5 Bf8 30. Be3 Nxc5 31. Kf1 Rb2 32. Bxc5 Bxc5 33.
Rxa6 h6 34. Nf4 Rd2 35. Ra1 Bd4 36. Rb1 Be5 37. Ne2 Kh7 38. Ke1 Ra2 39. Kf1 g5
40. g3 Kg6 41. Rd1 Ra4 42. h3 h5 43. Rb1 h4 44. g4 Ra3 45. Kf2 Ra2 46. Kf1 f6
47. Rd1 Kf7 48. Ke1 Ke6 49. Rb1 Kd5 50. Rc1 Rb2 51. Kf1 Ra2 52. Ke1 Ra1 53.
Rxa1 Bxa1 54. Nc1 Be5 55. Ke2 Kc4 56. Nd3 Kd4 57. Nf2 Bf4 58. Ne4 Be5 59. Nf2
Bf4 $11 1/2-1/2

[Event "26th WSCC 2016 Open 65+"]
[Site "Marianske Lazne, Czech Republic - Hotel Cristal and Continental"]
[Date "2016.11.19"]
[Round "1.62"]
[White "Golcman, Evgeny"]
[Black "Rehak, Jiri"]
[Result "1-0"]
[WhiteElo "2164"]
[BlackElo "1846"]
[PlyCount "59"]
[EventDate "2016.11.19"]

1. c4 e6 2. Nc3 Nf6 3. e4 d5 4. e5 Nfd7 5. d4 c5 6. cxd5 exd5 7. Nf3 Nb6 8. Bg5
Be7 9. dxc5 Bxg5 10. cxb6 O-O 11. Qxd5 Qxb6 12. Qd4 Qh6 13. Nxg5 Qxg5 14. f4
Nc6 15. Qe4 Qh4+ 16. g3 Qg4 17. Bd3 g6 18. Nd5 Qh3 19. Bf1 Qh6 20. h4 Bf5 21.
Qe3 Rfd8 22. Bg2 Be6 23. Nf6+ Kh8 24. O-O Nd4 25. Be4 Bf5 26. Rad1 Bxe4 27.
Rxd4 Bc6 28. Rfd1 Qf8 29. Rd6 Qe7 30. Qd4 1-0

[Event "26th WSCC 2016 Open 65+"]
[Site "Marianske Lazne, Czech Republic - Hotel Cristal and Continental"]
[Date "2016.11.19"]
[Round "1.63"]
[White "Novak, Jaromir"]
[Black "Hanisch, Friedrich"]
[Result "0-1"]
[WhiteElo "1843"]
[BlackElo "2160"]
[PlyCount "62"]
[EventDate "2016.11.19"]

1. e4 e6 2. d4 d5 3. Nd2 Nf6 4. e5 Nfd7 5. f4 c5 6. c3 Nc6 7. Ngf3 cxd4 8. cxd4
Qb6 9. Nb3 a5 10. a4 Bb4+ 11. Kf2 f6 12. Be3 O-O 13. Qd3 fxe5 14. dxe5 Nc5 15.
Nxc5 Bxc5 16. Bxc5 Qxc5+ 17. Qe3 Qb4 18. g3 Bd7 19. Qc3 Qb6+ 20. Kg2 Rac8 21.
Qd2 Nb4 22. Nd4 Be8 23. Bd3 Nxd3 24. Qxd3 Bg6 25. f5 Bxf5 26. Nxf5 Qxb2+ 27.
Kh3 Rxf5 28. Rab1 Rh5+ 29. Kg4 Qxe5 30. Rxb7 Rc4+ 31. Kf3 Rc3 0-1

[Event "26th WSCC 2016 Open 65+"]
[Site "Marianske Lazne, Czech Republic - Hotel Cristal and Continental"]
[Date "2016.11.19"]
[Round "1.64"]
[White "Gal, Moshe"]
[Black "Marshall, Michael"]
[Result "1-0"]
[WhiteElo "2150"]
[BlackElo "1841"]
[PlyCount "119"]
[EventDate "2016.11.19"]

1. d4 Nf6 2. Bf4 e6 3. e3 c5 4. Nf3 b6 5. c3 Bb7 6. Nbd2 cxd4 7. exd4 Be7 8.
Bd3 d6 9. h3 Nbd7 10. O-O O-O 11. Re1 Re8 12. Bh2 Bf8 13. a4 a6 14. Nc4 Qc7 15.
Qe2 Qc6 16. Ne3 e5 17. Bc4 e4 18. Nd2 d5 19. Bb3 Bd6 20. Bxd6 Qxd6 21. Red1 g6
22. a5 b5 23. g3 Nh5 24. Ndf1 Ndf6 25. Ba2 Qe6 26. Ng4 Bc8 27. Nfe3 Bb7 28. Kg2
Kg7 29. Nxf6 Nxf6 30. Ng4 h5 31. Nxf6 Qxf6 32. Qe3 Red8 33. f3 exf3+ 34. Qxf3
Qxf3+ 35. Kxf3 Bc8 36. g4 hxg4+ 37. hxg4 g5 38. Rh1 Be6 39. Rh5 f6 40. Re1 Bf7
41. Rh2 Re8 42. Rhe2 Rxe2 43. Rxe2 Kf8 44. Bb1 Re8 45. Bf5 Rd8 46. Ke3 Kg7 47.
Kd2 Kf8 48. Kc2 Rd6 49. Bc8 Bg6+ 50. Kb3 Be4 51. Kb4 Ke7 52. Kc5 f5 53. Bxf5
Rd8 54. Bxe4 dxe4 55. Rxe4+ Kf6 56. Re5 Rh8 57. Kc6 Rd8 58. Kb7 Rd6 59. Rf5+
Kg6 60. Rc5 1-0

[Event "26th WSCC 2016 Open 65+"]
[Site "Marianske Lazne, Czech Republic - Hotel Cristal and Continental"]
[Date "2016.11.19"]
[Round "1.65"]
[White "Andersson, Finn"]
[Black "Vechet, Stanislav"]
[Result "0-1"]
[WhiteElo "1833"]
[BlackElo "2149"]
[PlyCount "82"]
[EventDate "2016.11.19"]

1. e4 e5 2. Bc4 Nc6 3. Nc3 Nf6 4. d3 Bc5 5. Nf3 O-O 6. O-O h6 7. h3 Re8 8. Re1
Nd4 9. Nxd4 Bxd4 10. Nd5 c6 11. Nxf6+ Qxf6 12. Qe2 d6 13. c3 Bb6 14. Be3 Be6
15. Rad1 Rad8 16. d4 exd4 17. Bxd4 Bxd4 18. cxd4 Bxc4 19. Qxc4 d5 20. Qd3 dxe4
21. Rxe4 Re6 22. Rxe6 Qxe6 23. b3 Rd5 24. Qe3 Qd7 25. b4 a5 26. a3 axb4 27.
axb4 f5 28. Kf1 b6 29. Ke2 Kh7 30. Rd3 Qd6 31. Qd2 Rb5 32. Rc3 Qd5 33. f3 Rxb4
34. Rxc6 Rxd4 35. Qc2 Qb5+ 36. Kf2 Rd5 37. h4 Rc5 38. Rxc5 Qxc5+ 39. Qxc5 bxc5
40. Ke3 Kg6 41. Kd3 Kh5 0-1

[Event "26th WSCC 2016 Open 65+"]
[Site "Marianske Lazne, Czech Republic - Hotel Cristal and Continental"]
[Date "2016.11.19"]
[Round "1.66"]
[White "Kende, Gyorgy Dr"]
[Black "Degtiarev, Viktor"]
[Result "1-0"]
[WhiteElo "2145"]
[BlackElo "1823"]
[PlyCount "85"]
[EventDate "2016.11.19"]

1. e4 c5 2. Nf3 d6 3. d3 Nc6 4. g3 g6 5. Bg2 Bg7 6. O-O Bg4 7. h3 Bxf3 8. Bxf3
Nf6 9. Bg2 O-O 10. Nd2 e6 11. c3 Rc8 12. Qe2 a6 13. Nb3 b5 14. Be3 Qc7 15. d4
c4 16. Nd2 d5 17. e5 Nd7 18. Bf4 Nb6 19. Nf3 h6 20. h4 Qe7 21. Qd2 Kh7 22. Rfe1
b4 23. Nh2 bxc3 24. bxc3 Nd7 25. Ng4 h5 26. Nh2 Rb8 27. Nf3 Qa3 28. Ng5+ Kg8
29. Rab1 Rb5 30. g4 hxg4 31. h5 Rfb8 32. Rxb5 Rxb5 33. hxg6 fxg6 34. Nxe6 Nf8
35. Nc7 Ra5 36. Bxd5+ Rxd5 37. Nxd5 Ne6 38. Nf6+ Kh8 39. d5 Nxf4 40. Qxf4 Qxc3
41. Qh2+ Qh3 42. Qxh3+ gxh3 43. dxc6 1-0

[Event "26th WSCC 2016 Open 65+"]
[Site "Marianske Lazne, Czech Republic - Hotel Cristal and Continental"]
[Date "2016.11.19"]
[Round "1.67"]
[White "Korenevski, Oleg"]
[Black "Tchetchelnitski, Boris"]
[Result "0-1"]
[WhiteElo "1823"]
[BlackElo "2144"]
[PlyCount "78"]
[EventDate "2016.11.19"]

1. e4 d5 2. exd5 Qxd5 3. Nc3 Qd6 4. Nf3 Nf6 5. Bb5+ c6 6. Be2 g6 7. d3 Bg7 8.
O-O O-O 9. Ne4 Nxe4 10. dxe4 Qc7 11. c3 Nd7 12. Be3 Nf6 13. Qc2 Ng4 14. Bd4 Nf6
15. Be5 Qb6 16. a4 a5 17. Bd4 c5 18. Be3 Qc7 19. h3 b6 20. b3 Bb7 21. Bd3 Rad8
22. Rad1 Nh5 23. Qc1 Rd7 24. g4 Nf6 25. Bf4 Qc8 26. Ne5 Rdd8 27. f3 Nd7 28. Nc4
Ba6 29. Bh6 Bxc4 30. Bxc4 Ne5 31. Be2 c4 32. Bxg7 Kxg7 33. Qa3 cxb3 34. Qxb3
Qc5+ 35. Kg2 e6 36. f4 Qe3 37. Qc2 Rxd1 38. Bxd1 Rd8 39. Rf2 Nd3 0-1

[Event "26th WSCC 2016 Open 65+"]
[Site "Marianske Lazne, Czech Republic - Hotel Cristal and Continental"]
[Date "2016.11.19"]
[Round "1.68"]
[White "Bratus, Petr P"]
[Black "Dalling, Peter"]
[Result "1/2-1/2"]
[WhiteElo "2140"]
[BlackElo "1817"]
[PlyCount "78"]
[EventDate "2016.11.19"]

1. d4 d5 2. c4 e6 3. Nc3 c6 4. Nf3 dxc4 5. a4 Bb4 6. g3 b5 7. Bg2 Bb7 8. O-O
Ne7 9. Qc2 Bxc3 10. bxc3 h6 11. Ne5 Qc8 12. Rb1 a6 13. Ba3 Nd7 14. f4 Nd5 15.
Rf3 N5f6 16. e4 c5 17. Rf2 O-O 18. Nxd7 Nxd7 19. f5 exf5 20. Rxf5 Re8 21. Rbf1
f6 22. Bxc5 Nxc5 23. Rxc5 Qd7 24. axb5 axb5 25. Qb2 Ra5 26. Re1 Rea8 27. Qe2
Ra2 28. Qh5 Bc6 29. Bh3 Qe8 30. Qf5 Ra1 31. Qe6+ Qxe6 32. Bxe6+ Kf8 33. Rxa1
Rxa1+ 34. Kf2 Bxe4 35. Ke3 Bd3 36. d5 Re1+ 37. Kf2 Rf1+ 38. Ke3 Re1+ 39. Kf2
Rf1+ $11 1/2-1/2

[Event "26th WSCC 2016 Open 65+"]
[Site "Marianske Lazne, Czech Republic - Hotel Cristal and Continental"]
[Date "2016.11.19"]
[Round "1.69"]
[White "Weyand, Fernand"]
[Black "Kjolberg, Lars"]
[Result "0-1"]
[WhiteElo "1816"]
[BlackElo "2140"]
[PlyCount "58"]
[EventDate "2016.11.19"]

1. e4 e6 2. d4 d5 3. Nd2 Nf6 4. e5 Nfd7 5. Bd3 c5 6. c3 Nc6 7. Ne2 Qb6 8. Nf3
cxd4 9. cxd4 f6 10. exf6 Nxf6 11. O-O Bd6 12. Nc3 O-O 13. Re1 Bd7 14. a3 Rae8
15. b4 e5 16. dxe5 Nxe5 17. Be2 Neg4 18. Rf1 d4 19. Bc4+ Kh8 20. Ne2 Nxh2 21.
Nxh2 Bxh2+ 22. Kxh2 Qc7+ 23. Bf4 Qxc4 24. Nxd4 Ng4+ 25. Kg3 Rxf4 26. Kxf4 Qc7+
27. Kg5 Qe5+ 28. Kh4 Qh2+ 29. Kg5 Qh6# 0-1

[Event "26th WSCC 2016 Open 65+"]
[Site "Marianske Lazne, Czech Republic - Hotel Cristal and Continental"]
[Date "2016.11.19"]
[Round "1.70"]
[White "Mlynek, Petr"]
[Black "Webster, Jim J"]
[Result "1-0"]
[WhiteElo "2139"]
[BlackElo "1815"]
[PlyCount "59"]
[EventDate "2016.11.19"]

1. d4 d5 2. c4 c6 3. Nc3 Nf6 4. e3 a6 5. b3 e6 6. Nf3 Bb4 7. Bd2 O-O 8. Bd3 h6
9. O-O Nbd7 10. a3 Bd6 11. Qc2 Qe7 12. b4 b5 13. c5 Bc7 14. e4 dxe4 15. Nxe4
Nxe4 16. Bxe4 Bb7 17. Rfe1 Nf6 18. Ne5 Bxe5 19. dxe5 Nxe4 20. Rxe4 Rad8 21. Rg4
Rxd2 22. Qxd2 f5 23. Rd4 Qc7 24. f4 Bc8 25. Rd1 Rf7 26. Rd8+ Kh7 27. Qd6 Qb7
28. h4 h5 29. Rd3 g6 30. Re8 1-0

[Event "26th WSCC 2016 Open 65+"]
[Site "Marianske Lazne, Czech Republic - Hotel Cristal and Continental"]
[Date "2016.11.19"]
[Round "1.71"]
[White "Ingham, William"]
[Black "Vrabec, Milos"]
[Result "0-1"]
[WhiteElo "1814"]
[BlackElo "2138"]
[PlyCount "74"]
[EventDate "2016.11.19"]

1. d4 d5 2. Nf3 Nf6 3. Bf4 c5 4. c3 Nc6 5. e3 e6 6. Bd3 Be7 7. Nbd2 O-O 8. Ne5
Nxe5 9. dxe5 Nd7 10. Qg4 f5 11. exf6 Nxf6 12. Qe2 Bd7 13. O-O Qe8 14. Bg3 Qh5
15. Rad1 c4 16. Qxh5 Nxh5 17. Bc2 Nxg3 18. hxg3 Bf6 19. e4 Rad8 20. Nf3 Bc6 21.
e5 Be7 22. Nd4 Bd7 23. a4 a6 24. Ra1 b6 25. Rad1 b5 26. axb5 axb5 27. Ra1 Ra8
28. b4 cxb3 29. Bxb3 Rfc8 30. Rxa8 Rxa8 31. Rb1 Bc5 32. Nf3 Ra3 33. Kf1 h6 34.
Nd4 Bxd4 35. cxd4 Be8 36. Bc2 Rc3 37. Rc1 Bg6 0-1

[Event "26th WSCC 2016 Open 65+"]
[Site "Marianske Lazne, Czech Republic - Hotel Cristal and Continental"]
[Date "2016.11.19"]
[Round "1.72"]
[White "Agzamov, Valeriy"]
[Black "Haupt, Joachim"]
[Result "1-0"]
[WhiteElo "2137"]
[BlackElo "1812"]
[PlyCount "101"]
[EventDate "2016.11.19"]

1. e4 c5 2. Nf3 Nc6 3. d4 cxd4 4. Nxd4 a6 5. Nc3 e6 6. Be2 Qc7 7. O-O Bd6 8. h3
Nxd4 9. Qxd4 Be5 10. Qd3 Bxc3 11. bxc3 Ne7 12. Ba3 d5 13. exd5 Nxd5 14. Bf3
Qxc3 15. Qxc3 Nxc3 16. Bb2 Nd5 17. Bxg7 Rg8 18. Bh6 b5 19. Rac1 Bb7 20. c4 bxc4
21. Rxc4 Rd8 22. Rh4 Rd7 23. Rb1 Ba8 24. Rb8+ Rd8 25. Rxd8+ Kxd8 26. Bc1 Ke7
27. Ba3+ Ke8 28. Bb2 Ke7 29. Rxh7 Nf4 30. Bxa8 Rxa8 31. Rh8 Rxh8 32. Bxh8 f6
33. Bg7 Ne2+ 34. Kf1 Nc3 35. Bh6 Nxa2 36. Bd2 a5 37. Ke2 e5 38. Bxa5 Nc1+ 39.
Ke3 Nb3 40. Bb6 Ke6 41. Kd3 Kd5 42. h4 Nc1+ 43. Kd2 Nb3+ 44. Kc2 Nd4+ 45. Bxd4
exd4 46. Kd3 Ke5 47. h5 Kf5 48. Kxd4 Kg5 49. g4 f5 50. f3 Kf6 51. Kd5 1-0

[Event "26th WSCC 2016 Open 65+"]
[Site "Marianske Lazne, Czech Republic - Hotel Cristal and Continental"]
[Date "2016.11.19"]
[Round "1.73"]
[White "Wibe, Per H"]
[Black "Beltz, Robert"]
[Result "0-1"]
[WhiteElo "1805"]
[BlackElo "2135"]
[PlyCount "60"]
[EventDate "2016.11.19"]

1. d4 d5 2. Bf4 Nf6 3. e3 e6 4. Bd3 Bd6 5. Bg3 Qe7 6. Nf3 Bxg3 7. hxg3 Qb4+ 8.
Nbd2 Qxb2 9. Ne5 Qa3 10. g4 Nbd7 11. g5 Nxe5 12. dxe5 Ne4 13. g6 fxg6 14. Nxe4
dxe4 15. Be2 Qc3+ 16. Kf1 Qxe5 17. Rb1 c6 18. Rb4 O-O 19. Rh4 Qc7 20. Rd4 b5
21. Rhxe4 e5 22. Rd6 Bf5 23. Rh4 Bxc2 24. Qd2 Rad8 25. Rxd8 Qxd8 26. Qxd8 Rxd8
27. g3 g5 28. Rb4 a5 29. Rb2 Be4 30. Bxb5 cxb5 0-1

[Event "26th WSCC 2016 Open 65+"]
[Site "Marianske Lazne, Czech Republic - Hotel Cristal and Continental"]
[Date "2016.11.19"]
[Round "1.74"]
[White "Giulian, Philip M"]
[Black "Kolek, Josef"]
[Result "1-0"]
[WhiteElo "2133"]
[BlackElo "1801"]
[PlyCount "57"]
[EventDate "2016.11.19"]

1. d4 Nf6 2. c4 d5 3. cxd5 Nxd5 4. Nf3 g6 5. e4 Nb6 6. Nc3 Bg7 7. Be3 Bg4 8.
Be2 O-O 9. O-O Nc6 10. d5 Ne5 11. Nxe5 Bxe2 12. Nxf7 Bxd1 13. Nxd8 Rfxd8 14.
Nxd1 Nc4 15. Bf4 Rd7 16. Rc1 Ne5 17. Bxe5 Bxe5 18. Ne3 b5 19. Rc2 a5 20. Ng4
Bg7 21. h3 h5 22. Nh2 Kf7 23. Nf3 Ra7 24. Ng5+ Ke8 25. Ne6 Bh6 26. f4 b4 27. h4
a4 28. g3 Rd6 29. Nxc7+ 1-0

[Event "26th WSCC 2016 Open 65+"]
[Site "Marianske Lazne, Czech Republic - Hotel Cristal and Continental"]
[Date "2016.11.19"]
[Round "1.75"]
[White "Maman, Emanuel"]
[Black "Lang, Ferdinand"]
[Result "0-1"]
[WhiteElo "1800"]
[BlackElo "2133"]
[PlyCount "56"]
[EventDate "2016.11.19"]

1. e4 e5 2. Nf3 Nc6 3. Bc4 Nf6 4. d3 Bc5 5. Nc3 h6 6. a3 d6 7. b4 Bb6 8. Na4
Bg4 9. c3 Qd7 10. Nxb6 axb6 11. O-O O-O 12. h3 Bh5 13. Re1 Rfe8 14. Qe2 Nd8 15.
Qe3 d5 16. Bb3 Qc6 17. Bb2 dxe4 18. dxe4 Bg6 19. Nd2 Ne6 20. Kh2 Rad8 21. g3
Ng5 22. f3 Qd7 23. Nf1 Qxh3+ 24. Kg1 Nfxe4 25. fxe4 Bxe4 26. Re2 Qh1+ 27. Kf2
Qg2+ 28. Ke1 Nf3+ 0-1

[Event "26th WSCC 2016 Open 65+"]
[Site "Marianske Lazne, Czech Republic - Hotel Cristal and Continental"]
[Date "2016.11.19"]
[Round "1.76"]
[White "Ofstad, Per"]
[Black "Usselman, Paul"]
[Result "0-1"]
[WhiteElo "2129"]
[BlackElo "1798"]
[PlyCount "48"]
[EventDate "2016.11.19"]

1. e4 c5 2. Nc3 a6 3. Nf3 b5 4. d4 cxd4 5. Nxd4 Bb7 6. Bd3 e6 7. O-O Qc7 8. Re1
Be7 9. a3 Nf6 10. Bd2 d6 11. Qe2 Nbd7 12. Rad1 Ne5 13. Bc1 h5 14. Nf3 Nc4 15.
b3 Ne5 16. Bb2 Nxf3+ 17. Qxf3 Ng4 18. Ne2 d5 19. Ng3 Nxh2 20. Kxh2 h4 21. Kg1
hxg3 22. Qxg3 Qxg3 23. fxg3 Bc5+ 24. Kf1 dxe4 0-1

[Event "26th WSCC 2016 Open 65+"]
[Site "Marianske Lazne, Czech Republic - Hotel Cristal and Continental"]
[Date "2016.11.19"]
[Round "1.77"]
[White "Lacha, Jan"]
[Black "Goncharov, Viktor"]
[Result "1/2-1/2"]
[WhiteElo "1796"]
[BlackElo "2125"]
[PlyCount "79"]
[EventDate "2016.11.19"]

1. d4 Nf6 2. Nc3 b6 3. e4 Bb7 4. Bd3 d6 5. Nf3 Nbd7 6. Qe2 e6 7. O-O Be7 8. Qe1
h6 9. e5 dxe5 10. dxe5 Nd5 11. Nxd5 Bxd5 12. c4 Bb7 13. Be4 Qc8 14. Bd2 a5 15.
Bxb7 Qxb7 16. Nd4 Bc5 17. Bc3 Bxd4 18. Bxd4 c5 19. Bc3 b5 20. cxb5 Nb6 21. a4
Nd5 22. Rd1 g6 23. Qe4 Kd8 24. Qc4 Kc8 25. Qxc5+ Qc7 26. Qxc7+ Kxc7 27. Rc1 Kb7
28. Bd4 Rac8 29. g3 Rhd8 30. Bc5 Rd7 31. Bd6 Rdd8 32. Bc5 Rc7 33. Be3 h5 34.
Rxc7+ Nxc7 35. Rc1 Rd5 36. Kg2 Rd3 37. Rc6 Rb3 38. Rb6+ Kc8 39. Rc6 Kb7 40.
Rb6+ $11 1/2-1/2

[Event "26th WSCC 2016 Open 65+"]
[Site "Marianske Lazne, Czech Republic - Hotel Cristal and Continental"]
[Date "2016.11.19"]
[Round "1.78"]
[White "Karmov, Mazhmudin"]
[Black "Malinovsky, Jozef"]
[Result "1-0"]
[WhiteElo "2122"]
[BlackElo "1794"]
[PlyCount "77"]
[EventDate "2016.11.19"]

1. e4 c5 2. c3 d5 3. exd5 Qxd5 4. d4 cxd4 5. cxd4 Nc6 6. Nf3 e5 7. dxe5 Bb4+ 8.
Bd2 Bg4 9. Nc3 Bxc3 10. Bxc3 Qxd1+ 11. Rxd1 Nge7 12. h3 Be6 13. b3 Nd5 14. Bd2
O-O 15. Bc4 Nc7 16. O-O Bxc4 17. bxc4 Rfe8 18. Bc3 Red8 19. Rd6 Ne6 20. Rfd1
Rdc8 21. g3 Nc5 22. Re1 Ne6 23. Nd2 Ne7 24. Bb4 Nc6 25. a3 Ned4 26. Bc3 Rd8 27.
Rd5 Nc2 28. Rc1 N2d4 29. Kf1 h6 30. h4 Kf8 31. a4 Ke7 32. Rb1 b6 33. a5 Rxd5
34. cxd5 Rb8 35. Bxd4 Nxd4 36. Rb4 Nf5 37. Nc4 b5 38. a6 Nd4 39. Na5 1-0

[Event "26th WSCC 2016 Open 65+"]
[Site "Marianske Lazne, Czech Republic - Hotel Cristal and Continental"]
[Date "2016.11.19"]
[Round "1.79"]
[White "Kaldybayev, Orazbek"]
[Black "Gundersen, Helge"]
[Result "0-1"]
[WhiteElo "1793"]
[BlackElo "2120"]
[PlyCount "46"]
[EventDate "2016.11.19"]

1. e4 e6 2. d4 d5 3. e5 c5 4. c3 Qb6 5. Nf3 Bd7 6. a3 c4 7. Nbd2 Nc6 8. h4 f6
9. g3 fxe5 10. Nxe5 Nxe5 11. dxe5 Bc5 12. Qe2 Ne7 13. Bh3 O-O 14. O-O Nf5 15.
Nf3 Nxg3 16. Qc2 Rxf3 17. Bg4 Rf7 18. Kg2 Nxf1 19. Bg5 Rxf2+ 20. Qxf2 Bxf2 21.
Rxf1 Rf8 22. Be7 Rf7 23. Bd6 Bxh4 0-1